LEADER 01168nam a2200253 4500 001 000000358071 003 CaOOAMICUS 005 20240508102828.0 008 240417s1994 it a 000 u ita r 020 $a88-307-0490-3 040 $aSeMil$bita 100 1 $aPrandina, Cornelio,$c.$0(OLS)http://semarc/name/119569 245 10$aCarissimi, il sole vincerà : $blettere dal Mozambico di un missionario scomodo /$cP. Cornelio Prandina. 264 1$aBologna :$bEMI,$c1994. 300 $a477 p. :$bill. ;$c22 cm 650 04$aPrandina, Cornelio - Lettere e carteggi.$0(OLS)http://semarc/subject/55644 650 4$aMozambico - Missioni.$0(OLS)http://semarc/subject/55643 850 $aSeMil 852 $aSeMil$W1$xVenegono$y1$m3F III 729$j249887$B249187$CSeMilBibl$Z2$F249187 $81 961 $aCitrini don Tullio - Omaggio 996 $6020$a88-307-0490-3$9(OLS)http://semarc/number/300250 996 $6245$aCarissimi, il sole vincerà : $blettere dal Mozambico di un missionario scomodo$9(OLS)http://semarc/title/448347 996 $6264$aBologna :$bEMI$9(OLS)http://semarc/publisher/29618 LEADER 01043nam a2200265 i 4500 001 000000088111 003 CaOOAMICUS 005 20220512145823.0 008 160831s1824 it u000 u fre u 013 $a60351 026 $as.ge uela u-e- unqu (3) 1824 (A) 040 $aSeMil$bita 100 1 $aLaurentie, Pierre-Sébastien <1793-1876>.$0(OLS)http://semarc/name/36204 245 10$aDe la justice au 19. siècle par m. Laurentie. 260 $aTurin :$bDe l'Imprimerie Bianco,$c1824. 300 $a146, [2] p. ;$c12°. 650 4$aGiustizia - Sec. 19.$0(OLS)http://semarc/subject/16397 710 0 $aBianco, Vincenzo$c.$0(OLS)http://semarc/name/24650 850 $aSeMil 852 $aSeMil$W1$xVenegono$y1$m3M I 8 FA$j51472$B51472$CSeMilBibl$Z2$F55710 $8I 941 1 $a10 961 $aRecupero: Mantegazza 996 $6245$aDe la justice au 19. siècle par m. Laurentie$9(OLS)http://semarc/title/134053 996 $6260$aTurin :$bDe l'Imprimerie Bianco$9(OLS)http://semarc/publisher/43508